<?xml version="1.0" encoding="UTF-8"?>
<record
    xmlns:xsi="http://www.w3.org/2001/XMLSchema-instance"
    xsi:schemaLocation="http://www.loc.gov/MARC21/slim http://www.loc.gov/standards/marcxml/schema/MARC21slim.xsd"
    xmlns="http://www.loc.gov/MARC21/slim">

  <leader>00977nam a22001457a 4500</leader>
  <datafield tag="999" ind1=" " ind2=" ">
    <subfield code="c">515472</subfield>
    <subfield code="d">515472</subfield>
  </datafield>
  <controlfield tag="008">210129b           ||||| |||| 00| 0 eng d</controlfield>
  <datafield tag="100" ind1=" " ind2=" ">
    <subfield code="a">Gibbons, Robert and  Prusak, Laurence</subfield>
    <subfield code="9">23968</subfield>
  </datafield>
  <datafield tag="245" ind1=" " ind2=" ">
    <subfield code="a">Knowledge, stories, and culture in organizations</subfield>
  </datafield>
  <datafield tag="260" ind1=" " ind2=" ">
    <subfield code="a">AEA Papers and Proceedings </subfield>
  </datafield>
  <datafield tag="300" ind1=" " ind2=" ">
    <subfield code="a">110, May, 2020: p.187-192</subfield>
  </datafield>
  <datafield tag="520" ind1=" " ind2=" ">
    <subfield code="a">Organizations are full of stories; organizational economics, not so much. Rather, organizational economics has little work that conceptualizes the role or measures the incidence of stories in organizations. This shortage concerns us not only because stories are prevalent in organizations but more importantly because we think some stories play a role in organizations that sheds light on why organizations exist and how they might be improved. In brief, we explore the idea that stories in organizations may induce a particular kind </subfield>
  </datafield>
  <datafield tag="773" ind1=" " ind2=" ">
    <subfield code="a">AEA Papers and Proceedings </subfield>
  </datafield>
  <datafield tag="906" ind1=" " ind2=" ">
    <subfield code="a">ORGANIZATIONAL ECONOMICS</subfield>
  </datafield>
  <datafield tag="942" ind1=" " ind2=" ">
    <subfield code="c">AR</subfield>
  </datafield>
  <datafield tag="952" ind1=" " ind2=" ">
    <subfield code="0">0</subfield>
    <subfield code="1">0</subfield>
    <subfield code="2">ddc</subfield>
    <subfield code="4">0</subfield>
    <subfield code="7">0</subfield>
    <subfield code="9">389535</subfield>
    <subfield code="a">IIPA</subfield>
    <subfield code="b">IIPA</subfield>
    <subfield code="d">2021-01-29</subfield>
    <subfield code="h">110, May, 2020: p.187-192</subfield>
    <subfield code="p">AR123957</subfield>
    <subfield code="r">2021-01-29</subfield>
    <subfield code="y">AR</subfield>
  </datafield>
</record>
